| 000 | 00451nam a2200181Ia 4500 | ||
|---|---|---|---|
| 005 | 20240823062557.0 | ||
| 008 | 240823s9999||||xx |||||||||||||| ||und|| | ||
| 041 | _aENGLISH | ||
| 082 | _A658.83 N4 | ||
| 100 | _a"Boyd,Harper W et al." | ||
| 245 | 0 | _aMarketing Research | |
| 250 | _a7th | ||
| 260 | _b"All India Traveller Bookseller ,New " | ||
| 500 | _aTRANSFERED | ||
| 650 |
_aManagement _bManagement Studies |
||
| 942 | _cBK | ||
| 999 |
_c236209 _d236209 |
||